Statistics for Glenn Close Filmography

Click here to take the quiz!

General Stats

  • This quiz has been taken 127 times
    (3 since last reset)
  • The average score is 33 of 204

Answer Stats

TypeYearName% Correct
Film1996101 Dalmatians
100%
Film2000102 Dalmatians
100%
Film1987Fatal Attraction
100%
Film1999Tarzan
100%
Film2005Tarzan II
100%
Film2017Crooked House
67%
Film1988Dangerous Liaisons
67%
Film1984Greystoke: The Legend of Tarzan, Lord of the Apes
67%
Film2014Guardians of the Galaxy
67%
Film2020Hillbilly Elegy
67%
Film2006Hoodwinked!
67%
Film1991Hook
67%
TV Show1989, 1992Saturday Night Live
67%
Film1983The Big Chill
67%
Film1984The Natural
67%
Web Series2024The New Look
67%
TV Show1995-2021The Simpsons
67%
Film1984The Stone Boy
67%
Film2017The Wife
67%
Film1982The World According to Garp
67%
Film2017What Happened to Monday
67%
Web Series2018-20193Below: Tales of Arcadia
33%
Film20155 to 7
33%
Documentary2003A Closer Walk
33%
Film1997Air Force One
33%
Film2011Albert Nobbs
33%
Documentary Series1988American Experience
33%
Film2015Anesthesia
33%
Theater2002A Streetcar Named Desire
33%
Film2024Back in Action
33%
FilmTBABrothers
33%
Film1999Cookie's Fortune
33%
TV Show2007-2012Damages
33%
Film2007Evening
33%
TV Show2016Family Guy
33%
Film2017Father Figures
33%
Film2020Four Good Days
33%
Short Film2022Guardians of the Galaxy: Cosmic Rewind
33%
Film1990Hamlet
33%
Film2023Heart of Stone
33%
Film2005Heights
33%
Documentary2009Home
33%
Film2011Hoodwinked Too! Hood vs. Evil
33%
Film1997In & Out
33%
TV Film1997In the Gloaming
33%
Theater2012Into the Woods
33%
Film2003Le Divorce
33%
Film1988Light Years
33%
TV Show2015Louie
33%
Documentary2012Love, Marilyn
33%
Film2014Low Down
33%
Film1996Mars Attacks!
33%
Film1996Mary Reilly
33%
Film2005Nine Lives
33%
Documentary2011Not My Life
33%
Film1997Paradise Road
33%
Film2002Pinocchio
33%
Film1990Reversal of Fortune
33%
TV Film1993Skylark
33%
TV Film2004Strip Search
33%
Film2021Swan Song
33%
FilmTBAThe Deliverance
33%
Film2016The Girl with All the Gifts
33%
Film2015The Great Gilly Hopkins
33%
Film1993The House of the Spirits
33%
TV Film2003The Lion in Winter
33%
Film1994The Paper
33%
Film2004The Stepford Wives
33%
TV Show2004The West Wing
33%
Film2017The Wilde Wedding
33%
Film2016Warcraft
33%
Documentary Series2007Wild
33%
Documentary Mini-Series1994A Century of Women
0%
Theater2014-2015A Delicate Balance
0%
Documentary1986An Amazin' Era
0%
Documentary1995Anne Frank Remembered
0%
TV Show2019Anthem: Homunculus
0%
Theater2002-2003Anything Goes
0%
Theater2002-2003A Prayer for Owen Meany
0%
Short Film2020Baba Yaga
0%
TV Documentary1998Baboon Tales
0%
TV Film2000Baby
0%
Theater2002-2003Bacchai
0%
Theater1980-1982Barnum
0%
Theater1985-1986Benefactors
0%
Documentary2018Broadway: Beyond the Golden Years
0%
TV Documentary1992Broken Hearts, Broken Homes
0%
Theater1991Brooklyn Laundry
0%
TV Film2003Brush with Fate
0%
Theater2006Busker Alley
0%
TV Short1984Carnival of the Animals
0%
TV Show2023Celebrity IOU
0%
TV Special1997Christmas in Washington
0%
Theater2002-2003Closing Time
0%
Documentary2009Cody
0%
Theater1992Death and the Maiden
0%
Theater2002-2003Dinner
0%
TV Show1998Ellen
0%
TV Show2011Extreme Makeover: Home Edition
0%
Documentary Series2021Finding Your Roots with Henry Louis Gates, Jr.
0%
Theater1985For No Good Reason/Childhood
0%
Theater2002-2003Free
0%
Documentary Series2003Freedom: A History of US
0%
Theater2002-2003Frozen
0%
TV Documentary2007Gabon: The Last Eden
0%
Film1987Gandahar
0%
Documentary2008Gates of the Arctic
0%
Short Documentary2006George and Martha Washington: A 40 Year Romance
0%
TV Show1975, 1987, 1993, 1999Great Performances
0%
Theater2002-2003Hinterland
0%
Film1989Immediate Family
0%
TV Documentary2003In Search of the Jaguar
0%
TV Show1995Inside the Actors Studio
0%
Film1985Jagged Edge
0%
TV Mini-Series2020Jeopardy! The Greatest of All Time
0%
Theater1985Joan of Arc at the Stake
0%
TV Documentary1992Keepers of the Wild
0%
Theater2002-2003Laughing Matter
0%
Short Film2018Let's Dance
0%
Theater2002-2003Life After Life
0%
TV Show1987Likely Stories
0%
TV Documentary1992Lincoln
0%
Theater1974Love for Love
0%
TV Show2001MADtv
0%
Theater2002-2003Mappa Mundi
0%
Film1985Maxie
0%
Theater2002-2003Measure for Measure
0%
Film1991Meeting Venus
0%
Documentary2015Mind/Game: The Unquiet Journey of Chamique Holdsclaw
0%
Music Video1991Monster in the Mirror
0%
Theater2018Mother of the Maid
0%
Theater2002-2003No Man's Land
0%
TV Film1979Orphan Train
0%
Short Documentary2010Pax
0%
Documentary2009Peter Matthiessen: No Boundaries
0%
Theater2002-2003Play Without Words
0%
TV Special2011Premio Donostia a Glenn Close
0%
Theater1976Rex
0%
Documentary1998Robert F. Kennedy: A Memoir
0%
Theater2002-2003Sanctuary
0%
TV Film1991Sarah, Plain and Tall
0%
TV Film1999Sarah, Plain and Tall: Winter's End
0%
TV Pilot2017Sea Oak
0%
TV Film1995Serving in Silence: The Margarethe Cammermeyer Story
0%
Theater2002-2003She Stoops to Conquer
0%
Theater2002-2003Sing Yer Heart Out for the Lads
0%
TV Film1984Something About Amelia
0%
Theater2002-2003South Pacific
0%
TV Film2001South Pacific
0%
Web SeriesTBAStanding By
0%
TV Film1988Stones for Ibarra
0%
Theater1994-1997, 2016-2017Sunset Boulevard
0%
Theater2002-2003Tartuffe
0%
Web Series2022Tehran
0%
Award Show1992The 46th Annual Tony Awards
0%
Award Show1995The 49th Annual Tony Awards
0%
Award Show1985The 57th Annual Academy Awards
0%
Theater2002-2003The Adventures of the Stoneheads
0%
Short TV Documentary2002The A Factor
0%
Theater2002-2003The Associate
0%
TV Film2001The Ballad of Lucy Whipple
0%
TV Special1993The Best of Disney Music: A Legacy in Song - Part II
0%
Theater2002-2003The Birds
0%
Film2005The Chumscrubber
0%
Theater2002-2003The Coast of Utopia
0%
Theater1977The Crazy Locomotive
0%
Theater1978-1979The Crucifer and Blood
0%
TV Documentary1990The Divine Garbo
0%
TV Film1982The Elephant Man
0%
Theater2002-2003The Frogs
0%
TV Film2020The Great Work Begins. Scenes from Angels in America
0%
Documentary1999The Lady with the Torch
0%
Documentary2017The Lavender Scare
0%
Theater1975The Member of the Wedding
0%
Theater2002-2003The Mentalists
0%
Web Series2023The Mountain Kitchen
0%
Theater2010The Normal Heart
0%
Documentary1995The Plague Monkeys
0%
Theater2003The Play What I Wrote
0%
Theater2002-2003The Powerbook
0%
Theater1983-1985The Real Thing
0%
Theater1974The Rules of the Game
0%
Film2001The Safety of Objects
0%
Theater2002-2003The Shadow of a Boy
0%
TV Show2005The Shield
0%
Theater1982The Singular Life of Albert Nobbs
0%
FilmTBAThe Summer Book
0%
Theater2002-2003The Syringa Tree
0%
Theater2002-2003The Talking Cure
0%
Theater1979The Winter Dancers
0%
Web Mini-Series2022The Woman in the House Across the Street from the Girl in the Window
0%
Film2000Things You Can Tell Just by Looking at Her
0%
TV Film1979Too Far to Go
0%
Short Film2011Touch of Evil
0%
Theater1981Uncle Vanya
0%
Theater1977Uncommon Women and Others
0%
Theater1998V-Day
0%
Theater2002-2003Vincent in Brixton
0%
Short Film1986Voices of America: Hands Across America
0%
Film1998Welcome to Hollywood
0%
Documentary2003What I Want My Words to Do to You: Voices from Inside a Women's Maximum Security Prison
0%
TV Show2002Will & Grace
0%
Theater1979Wine Untouched
0%
Web Series2019Wizards: Tales of Arcadia
0%

Score Distribution

Percentile by Number Answered

Percent of People with Each Score

Your Score History

You have not taken this quiz since the last reset